| 000 | 01770nam0a22003011 4500 | ||
|---|---|---|---|
| 001 | rc\3466122 | ||
| 005 | 20260407083148.0 | ||
| 021 |
_aRU _b[74-70432] |
||
| 035 | _a(NLR Aleph) 007897872 | ||
| 090 |
_a8019264 _c8019264 |
||
| 100 | _a20130115d1974 |||y0rusy50 ca | ||
| 101 | 0 | _arus | |
| 102 | _aRU | ||
| 105 | _aa z ||||| | ||
| 200 | 1 |
_aОпределение степени сейсмической опасности в районах строительства крупных гидроузлов и обеспечение сейсмостойкости плотин _eДоп. материалы _f[Ред. коллегия: Р.В. Красовицкий (отв. ред.) и др.] |
|
| 210 |
_aЛенинград _cЭнергия. Ленингр. отд-ние _d1974 |
||
| 215 |
_a158 с. _cил. _d21 |
||
| 225 | 1 | _aМинистерство энергетики и электрификации СССР. Главниипроект. Всесоюзный научно-исследовательский институт гидротехники имени Б.Е. Веденеева. Труды Координационного совещания по гидротехнике | |
| 320 | _aСписки лит. в конце статей | ||
| 606 |
_aПлотины _xСейсмостойкость _jСборники _2psbo |
||
| 606 |
_aСейсмические волны _xДействие на сооружения и грунты _jСборники _2psbo |
||
| 702 | 1 |
_aКрасовицкий _bР.В. _4340 |
|
| 712 | 0 | 2 |
_aВНИИ гидротехники им. Б. Е. Веденеева _cЛенинград _3RU\NLR\AUTH\889561 _9291576 |
| 801 | 0 |
_aRU _bNLR _gpsbo |
|
| 801 | 1 |
_aRU _bELAR _2rusmarc |
|
| 852 |
_aNLR _j74-5/2449 |
||
| 942 | _cBOOK | ||
| 980 | _aNB | ||